[Event "Mataro Maresme op-A 13th"]
[Site "Mataro"]
[Date "2016.11.26"]
[Round "8"]
[White "Sal Enriquez, Carles"]
[Black "Martin Villanova, Jordi"]
[Result "1/2-1/2"]
[WhiteElo "2036"]
[BlackElo "1878"]
[PlyCount "80"]
[EventDate "2016.10.08"]
[EventType "swiss"]
[EventRounds "9"]
[EventCountry "ESP"]
[SourceTitle "EXT 2018"]
[Source "ChessBase"]
[SourceDate "2017.10.13"]
[SourceVersion "1"]
[SourceVersionDate "2017.10.13"]
[SourceQuality "1"]

1. d4 e6 2. Nf3 d5 3. e3 f5 4. Bd3 Nf6 5. 0-0 Bd6 6. c4 c6 7. b3 Qe7 8. Bb2 0-0 9. Nc3 Nbd7 10. Rc1 Ne4 11. Ne2 Ndf6 12. Ne5 Bd7 13. f3 Ng5 14. Qd2 a5 15. Bb1 a4 16. e4 Ngxe4 17. fxe4 Nxe4 18. Bxe4 fxe4 19. Rxf8+ Rxf8 20. Rf1 Rxf1+ 21. Kxf1 axb3 22. axb3 Be8 23. Kg1 c5 24. dxc5 Bxc5+ 25. Bd4 Bb4 26. Qe3 Bh5 27. Nf4 Bf7 28. Qg3 Bc5 29. Qe3 Bd6 30. c5 Bc7 31. g3 Be8 32. Qc3 g5 33. Ng2 h5 34. b4 Kh7 35. h4 Bb5 36. Qe3 gxh4 37. gxh4 Bd8 38. Qf4 Be8 39. Be3 Qg7 40. Bd4 Qe7 1/2-1/2